000 00689nam a2200241 a 4500
001 BRL_1374
005 20190320211154.0
008 090114s1979----nyuao#####---#000-0#eng-#
020 _a0442211058
041 _aeng
044 _anyu
050 4 _aTS1493
_b.B76 1979
100 1 _aBroudy, Eric
_926678
245 1 0 _aThe book of looms
_ba history of the handloom from ancient times to the present
_cEric Broudy.
260 _aNew York
_bVan Nostrand Reinhold
_c1979
300 _a176 p.
_bil., fotografías
_c28 cm.
500 _aAu1613
500 _aIncluye índice
504 _aBibliografía: p. 170-173
650 1 4 _aTelares
_xHistoria
_926679
902 _aGRL
942 _2lcc
_cB
999 _c10185
_d10185